| 000 | 00640nam a2200229Ia 4500 | ||
|---|---|---|---|
| 001 | 12667 | ||
| 003 | GE_BSU | ||
| 008 | 181216s||||||||xx |||||||||||||| ||und|| | ||
| 040 | _cGE_BSU | ||
| 080 | _a551.21+631.48 | ||
| 100 | _aСоколов,И.А. | ||
| 245 | _aВулканизм и почвоведение | ||
| 245 | _bНа примере Камчатки | ||
| 245 | _cОтв.ред.Е.Н.Иванова | ||
| 260 | _aМосква | ||
| 260 | _bНаука | ||
| 260 | _c1973 | ||
| 300 | _a222стр.27см. | ||
| 300 | _eПриложение с.195 | ||
| 653 | _aВулканизм и почвоведение | ||
| 942 | _cBK | ||
| 999 |
_c45838 _d45838 |
||